000 01196nam a2200313Ia 4500
001 ebr10255808
003 CaPaEBR
006 m u
007 cr cn|||||||||
008 050104s2004 si a sb 001 0 eng d
020 _z9789812560179
020 _z9812560173
040 _aCaPaEBR
_cCaPaEBR
035 _a(OCoLC)646768769
050 1 4 _aHD61
_b.Y8 2004eb
100 1 _aYu, Gang.
245 1 0 _aDisruption management
_h[electronic resource] :
_bframework, models and applications /
_cby Gang Yu, Xiantong Qi.
260 _aSingapore ;
_aRiver Edge, NJ :
_bWorld Scientific,
_c2004.
300 _axvii, 294 p. :
_bill.
504 _aIncludes bibliographical references and index.
533 _aElectronic reproduction.
_bPalo Alto, Calif. :
_cebrary,
_d2009.
_nAvailable via World Wide Web.
_nAccess may be limited to ebrary affiliated libraries.
650 0 _aDecision making.
650 0 _aRisk management.
650 0 _aUncertainty.
655 7 _aElectronic books.
_2local
700 1 _aQi, Xiangtong,
_d1970-
710 2 _aebrary, Inc.
856 4 0 _uhttp://site.ebrary.com/lib/rucke/Doc?id=10255808
_zAn electronic book accessible through the World Wide Web; click to view
999 _c34763
_d34763